000 01061nam0a22002771 4500
001 RU\NLR\INFOCOMM_190\5000082358
005 20250613101357.0
035 _a(NLR Aleph) 009376726
090 _a7956882
_c7956882
100 _a20101220d1985 |||y0rusy50 ca
101 1 _afre
_crus
102 _aRU
105 _ay ||||000|y
200 1 _aRelations économiques Est-Ouest
_eDeux approches
_fFélix Goriounov
_g[Trad. du russe par Catherine Prigent]
210 _aM.
_cÉd. de l'Agence de presse "Novosti"
_d1985
215 _a87 с.
_d17 см
300 _aВ вып. дан.: Деловые связи Восток - Запад: Две линии / Феликс Айзикович Горюнов
607 _aСССР
_xЭкономические взаимоотношения
_2nlr_sh1
686 _aУ9(2)89
_2rubbk
700 1 _9z01790
_aGorjunov
_bF. A.
_f1933-
_gFeliks Ajzikovič
_4070
790 1 _9z01700
_aGoriounov
_bF.
_gFélix
_4070
801 1 _aRU
_bNLR
_c20101220
801 0 _aRU
_bNLR
_gPSBO
852 _aNLR
_jЭк31 Д-2/180
942 _cBOOK
980 _aNB